|
|
|
|
| LEADER |
00000nab a2200000 a 4500 |
| 001 |
vtls000808625 |
| 003 |
SK-MaSNL |
| 005 |
20260304171807.0 |
| 008 |
141122c2002 xo 0 slo |
| 015 |
|
|
|a SNBRB2002/11-34922
|
| 035 |
|
|
|a CLN000160280
|
| 040 |
|
|
|a SNKBUCL
|b slo
|c SNKBUCL
|e AACR2
|
| 041 |
0 |
|
|a slo
|
| 044 |
|
|
|a xo
|c SK
|
| 080 |
|
|
|a 616.31:342.746
|2 1997
|
| 100 |
1 |
|
|a Vančo, Jozef
|4 aut
|9 8751
|
| 245 |
1 |
0 |
|a Účtovanie v zubnej ambulancii
|b zákonné normy v zdravotníctve
|n 8.
|c Jozef Vančo, Ján Vančo
|
| 650 |
0 |
7 |
|a služby zdravotnícke
|x ekonomika
|x zákonodarstvo a právna veda
|x normy a štandardy
|2 snkbucl
|9 1500602
|
| 650 |
0 |
7 |
|a stomatologická starostlivosť
|2 snkbucl
|9 88778
|
| 650 |
0 |
7 |
|a zákonodarstvo stomatologické
|x normy a štandardy
|2 snkbucl
|9 1434365
|
| 655 |
|
7 |
|a články z novín a časopisov
|2 snkbucl
|9 267496
|
| 700 |
1 |
|
|a Vančo, Ján
|4 aut
|9 276896
|
| 773 |
0 |
|
|t Zubný lekár
|g Roč. 9, č. 6 (2002), s. 7
|
| 850 |
|
|
|a Slovenská národná knižnica v Martine
|
| 852 |
|
|
|a SNK
|b KIS3GCP
|
| 958 |
|
|
|a MI
|
| 999 |
|
|
|c 2995110
|d 2997040
|